| 000 | 00581nam a2200229 a 4500 | ||
|---|---|---|---|
| 001 | 0001-1419 | ||
| 003 | ELIB.Books | ||
| 008 | 160809 2010 eng | ||
| 020 | _a0310232013 | ||
| 035 | _a(ELIB.Books)0001-1574 | ||
| 092 |
_a248 _bDec |
||
| 100 | _aDecker, Beatrice. | ||
| 245 | _aAfter the Flowers Have Gone | ||
| 260 |
_aGrand Rapids. _bZondervan Publishing House _c1973 |
||
| 300 |
_a184 _c20.3 Cm |
||
| 650 | _aChristian Life | ||
| 856 |
_nKBTS Library _uKBTS: ELIB |
||
| 942 |
_2ddc _cBK |
||
| 990 | _a1 | ||
| 998 |
_cbat _e2016-08-09 |
||
| 999 |
_c11419 _d11419 |
||